Georgia Counties Quiz - Statistics

General Stats
  • This quiz has been taken 3,809 times
  • The average score is 66 of 159
Answers on the Map
Answers color-coded by a green-red scale on the quiz's map according to % correct below.
 
Answer Stats
Answer % Correct
Fulton
83%
Cobb
72%
Washington
72%
Dekalb
70%
Gwinnett
69%
Jackson
66%
Jefferson
66%
Cherokee
64%
Clay
63%
Clarke
62%
Madison
62%
Macon
60%
Monroe
60%
Chatham
59%
Lee
58%
Lincoln
58%
Clayton
56%
Forsyth
56%
White
55%
Bibb
54%
Henry
54%
Franklin
53%
Johnson
53%
Peach
53%
Dade
52%
Fayette
52%
Butts
51%
Douglas
51%
Greene
51%
Hall
51%
Polk
51%
Bacon
50%
Harris
50%
Richmond
49%
Union
49%
Appling
48%
Carroll
48%
Lowndes
48%
Oconee
48%
Ware
48%
Columbia
47%
Coweta
47%
Rabun
47%
Thomas
47%
Effingham
46%
Liberty
46%
Paulding
46%
Barrow
44%
Bartow
44%
Camden
44%
Coffee
44%
Decatur
44%
Habersham
44%
Newton
44%
Rockdale
44%
Burke
43%
Catoosa
43%
Dawson
43%
Fannin
43%
Floyd
43%
Glynn
43%
Oglethorpe
43%
Seminole
43%
Bryan
42%
Chattahoochee
42%
Jones
42%
Pierce
42%
Warren
42%
Jeff Davis
41%
Morgan
41%
Wayne
41%
Banks
40%
Bulloch
40%
Houston
40%
Taylor
40%
Walton
40%
Baker
39%
Baldwin
39%
Charlton
39%
Chatooga
39%
Lumpkin
39%
McIntosh
39%
Montgomery
39%
Muscogee
39%
Spalding
39%
Tift
39%
Towns
39%
Walker
39%
Whitfield
39%
Atkinson
38%
Ben Hill
38%
Cook
38%
Hart
38%
Laurens
38%
Putnam
38%
Calhoun
37%
Early
37%
Gordon
37%
Jasper
37%
Long
37%
Troup
37%
Elbert
36%
Gilmer
36%
Hancock
36%
Miller
36%
Pickens
36%
Pike
36%
Screven
36%
Wilkes
36%
Brooks
35%
Clinch
35%
Echols
35%
Evans
35%
Marion
35%
Murray
35%
Sumter
35%
Taliaferro
35%
Colquitt
34%
Grady
34%
Jenkins
34%
Quitman
34%
Stephens
34%
Upson
34%
Emanuel
33%
Glascock
33%
Lanier
33%
Meriwether
33%
Toombs
33%
Brantley
32%
Crawford
32%
Dodge
32%
Dougherty
32%
Wilkinson
32%
Worth
32%
Bleckley
31%
Candler
31%
Crisp
31%
Heard
31%
Lamar
31%
Berrien
30%
Haralson
30%
McDuffie
30%
Mitchell
30%
Stewart
30%
Tattnall
30%
Irwin
29%
Pulaski
29%
Twiggs
29%
Dooly
28%
Schley
27%
Telfair
27%
Wheeler
27%
Randolph
26%
Talbot
26%
Treutlen
26%
Webster
26%
Terrell
24%
Turner
24%
Wilcox
23%
No matching quizzes found
Score Distribution
Percent of People with Each Score
Percentile by Number Answered
Your Score History
You have not taken this quiz